=LDR 00000nam 2200000 4500 =001 INLIS000000000042663 =005 20131008015451 =008 ***********************************Ind** =035 ##$$0010-101300000000585 =041 ##$$a Ind =082 ##$$a 616.994 =090 ##$$a 616.994, Rob a =100 ##$$a Robert Buckman =245 ##$$a Apa yang seharusnya anda ketahui tentang kanker payudara, Robert Buckman dan Tereza Whittaker ; pengalih bahasa, Theodorus Dharma Wibisono =260 ##$$a 2010 $b Yogyakarta =300 ##$$a 80 hlm., ilus, 24 cm =650 ##$$a Kanker Payudara =700 ##$$a Theodorus Dharma Wibisono =850 ##$$a NBPNMAT =990 ##$$a 2090100961/BPAP-NTB/2015 =990 ##$$a 0001/BPAP-NTB/2016